| 000 | 00472nam a22001817a 4500 | ||
|---|---|---|---|
| 020 | _a9789393969446 | ||
| 082 |
_aM100 7 _bRAJ/P |
||
| 100 | _aRajesh Kumar K | ||
| 245 |
_aPadakkalputhame kel/ _cby Rajesh Kumar K |
||
| 250 | _a3rd. | ||
| 260 |
_aKozhikode: _bPavananta Publishers, _c2022 |
||
| 300 | _a374p. | ||
| 650 | _aPoetry Malayalam Study | ||
| 650 | _aPoetry Thirunishalmala Study | ||
| 650 | _aLiterature Malayalam | ||
| 650 | _aLiterature | ||
| 942 | _cBK | ||
| 999 |
_c181934 _d181934 |
||